000 00320 a2200121 4500
001 157318
040 _cEscola São Tomás de Aquino
100 _aDOYLE, Arthur Conan
240 1 0 _aO último adeus de Sherlock Holmes
_lpor
245 1 0 _aO último adeus de Sherlock Holmes
697 _a*LITERATURA JUVENIL
942 _cBK
999 _c157318
_d157318